Представление документа в формате RUSMARC

ПолеНазваниеЗначение
  Тип записи a
  Библиографический уровень m
001 Контрольный номер e88ac8af07e049e9b4cefe98e06d72db
005 Дата корректировки 20250320132753.5
010 Индекс ISBN __
d Цена 1-17
100 Данные общей обработки __
a Данные общей обработки 20240208d1978 m y0rusy028902 ca
101 Язык документа 0_
a Язык текста rus
102 Страна публикации __
a Страна публикации RU
105 Кодированные данные (монография) __
a Кодированные данные (монография) a z 000za
181 Поле кодированных данных: вид содержания _0
a Код вида содержания (ISBD) i
182 Поле кодированных данных: тип средства _0
a Код типа средства (ISBD) n
200 Заглавие и сведения об ответственности 1_
a Заглавие На ельнинской земле
e Сведения, относящиеся к заглавию автобиогр. страницы
f Первые сведения об ответственности М. Исаковский
203 Вид содержания и тип средства __
a Вид содержания Текст
c Тип средства непосредственный
210 Выходные данные 1_
a Место издания М.
c Издательство Советский писатель
d Дата издания 1975
215 Физическое описание __
a Объем 573, [3] с.
c Иллюстрации/тип воспроизводства фот.
600 Персоналии _1
a Персоналии (Фамилия) Исаковский
2 Код системы nlr_sh
b Персоналии (Имя) М. В.
g Полное имя Михаил Васильевич
f Даты 1900-1973
606 Тематические рубрики __
a Основная рубрика Художественная литература
2 Код системы nlr_sh
606 Тематические рубрики __
a Основная рубрика Русская литература XX в. (произведения)
2 Код системы nlr_sh
606 Тематические рубрики __
a Основная рубрика Литературоведение
2 Код системы nlr_sh
606 Тематические рубрики __
a Основная рубрика Русская литература XX в.
2 Код системы nlr_sh
610 Ключевые слова 0_
a Ключевые слова советская литература; прозаики; автобиографии; критика; автобиографическая литература; биографии; литературное творчество; литературная критика
686 Индексы других классификаций __
a Классификационный индекс 84(2Рос=Рус)6-4
2 Код системы rubbks
686 Индексы других классификаций __
a Классификационный индекс 83.3(2Рос=Рус)6; ст84(2Рос=Рус)6-4 + ст83.3(2Рос=Рус)6-8
2 Код системы rubbks
700 Автор _1
a Фамилия Исаковский
b Имя М. В.
4 Код отношения 070
f Даты 1900-1973
g Полное личное имя Михаил Васильевич
801 Источник записи _0
a Страна RU
b Организация Муниципальное бюджетное учреждение культуры "Централизованная библиотечная система" г. Сургут (Центральная городская библиотека им. А. С. Пушкина)
g Правила каталогизации PSBO
c Дата составления 20250320
801 Источник записи _1
a Страна RU
b Организация Муниципальное бюджетное учреждение культуры "Централизованная библиотечная система" г. Сургут (Центральная городская библиотека им. А. С. Пушкина)
g Правила каталогизации PSBO
c Дата составления 20250320
852 Данные о местонахождении __
j Шифр хранения 84(2Рос=Рус)6-4
c Каталожный индекс 84(2Рос=Рус)6-4; 83.3(2Рос=Рус)6
i Авторский знак И 85
p Инвентарный номер 103594(с); 11377(с); 40653(с)
901 Тип документа __
t Тип документа m
a Ответственный КиК/Котельникова
901 Тип документа __
a Ответственный СКБР2024
903 Характеристики (МАРС) __
c Наименование библиотеки (МАРС) Муниципальное бюджетное учреждение культуры "Централизованная библиотечная система" г. Сургут (Центральная городская библиотека им. А. С. Пушкина)
a Дата передачи 20250320
990 Данные о заказе (DOS) __
j Количество экземпляров (DOS) 1
t N записи в КСУ для И/У (DOS) 199101